ბათუმის შოთა რუსთაველის სახელმწიფო უნივერსიტეტის ბიბლიოთეკა

აგრონომიის საფუძვლები : (ბიბ.ჩანაწერი № 37472)

000 -ლიდერი
ფიქსირებული სიგრძის საკონტროლო ველი 00995nam a2200229Ia 4500
001 - საკონტროლო ნომერი
საკონტროლო ველი 3433
003 - საკონტროლო ნომრის იდენტიფიკატორი
საკონტროლო ველი GE_BSU
005 - ბოლო ოპერაციის თარიღი და დრო
საკონტროლო ველი 20190614161304.0
008 - ფიქსირებული სიგრძის მონაცემთა ელემენტები - ზოგადი ინფორმაცია
ფიქსირებული სიგრძის საკონტროლო ველი 181216s2002||||ge |||||||||||||| ||geo||
040 ## - კატალოგიზაციის წყარო
Transcribing agency GE_BSU
041 ## - ენის კოდი
Language code of text/sound track or separate title geo
080 ## - უნივერსალური ათობითი კლასიფიკაციის ინდექსი
Universal Decimal Classification number 63(075.8) ზ–33
100 ## - მთავარი ჩანაწერი - პიროვნების სახელი
Personal name ზარდალიშვილი, ო .
9 (RLIN) 2501
245 ## - ცნობა სათაურის შესახებ
Title აგრონომიის საფუძვლები :
Remainder of title სახელმძღვანელო /
Statement of responsibility, etc ო. ზარდალიშვილი, გ. ცაგურიშვილი, ჯ. მინდელი; რედ. ზ. ბურდილაძე.
264 ## - წარმოების, გამოცემის, დისტრიბუციის და სხვა ცნობები
გამოცემის, წარმოების, დისტრიბუციის... ადგილი თბილისი,
გამოცემის, წარმოების, დისტრიბუციის... თარიღი 2002
300 ## - ფიზიკური აღწერა
Extent 145 გვ. ;
Other physical details 20 სმ.
653 ## - INDEX TERM--UNCONTROLLED
Uncontrolled term აგრონომია
700 ## - ADDED ENTRY--PERSONAL NAME
Personal name ცაგურიშვილი, გ.
Relator term ავტორი
9 (RLIN) 2502
700 ## - ADDED ENTRY--PERSONAL NAME
Personal name მინდელი, ჯ.
Relator term ავტორი
9 (RLIN) 2503
700 ## - ADDED ENTRY--PERSONAL NAME
Personal name ბურდილაძე, ზ.
Relator term რედაქტორი
9 (RLIN) 2504
942 ## - ADDED ENTRY ELEMENTS (KOHA)
Koha item type წიგნი
Source of classification or shelving scheme
ეგზემპლარები
ჩამოწერის სტატუსი დაკარგული ეგზემპლარის სტატუსი კლასიფიკაციის წყარო ან თაროზე გაწყობის სქემა დაზიანების სტატუსი არ გაიცემა მუდმივი მდებარეობა (დაცვის ადგილი) ამჟამინდელი ადგილსამყოფელი თაროზე განთავსების ადგილი შეძენის თარიღი სრული შენახვის შიფრი შტრიხკოდი ბოლო ოპერაციის თარიღი ეგზემპლარის მიმდევრობითი ნომერი (კეტერი?) ფასის ძალაში შესვლის თარიღი ეგზემპლარის სახეობა საჯარო შენიშვნა ღირებულება, შესყიდვის ნორმალური ფასი Uniform Resource Identifier
          აგრარული და მემბრანული ტექნოლოგიების ინსტიტუტის ბიბლიოთეკა აგრარული და მემბრანული ტექნოლოგიების ინსტიტუტის ბიბლიოთეკა წიგნსაცავი 2025-04-29 63(075.8) ზ–33 71296 2025-04-29 71296 2025-04-29 წიგნი 8.00 8.00 ნაჩუქარი
          აგრარული და მემბრანული ტექნოლოგიების ინსტიტუტის ბიბლიოთეკა აგრარული და მემბრანული ტექნოლოგიების ინსტიტუტის ბიბლიოთეკა წიგნსაცავი 2025-04-29 63(075.8) ზ–33 19612 2025-04-29 19612 2025-04-29 წიგნი      
          აგრარული და მემბრანული ტექნოლოგიების ინსტიტუტის ბიბლიოთეკა აგრარული და მემბრანული ტექნოლოგიების ინსტიტუტის ბიბლიოთეკა წიგნსაცავი 2025-04-29 63(075.8) ზ–33 19613 2025-04-29 19613 2025-04-29 წიგნი      
          აგრარული და მემბრანული ტექნოლოგიების ინსტიტუტის ბიბლიოთეკა აგრარული და მემბრანული ტექნოლოგიების ინსტიტუტის ბიბლიოთეკა წიგნსაცავი 2025-04-29 63(075.8) ზ–33 19614 2025-04-29 19614 2025-04-29 წიგნი      
          ბათუმის შოთა რუსთაველის სახელმწიფო უნივერსიტეტის მთავარი ბიბლიოთეკა ბათუმის შოთა რუსთაველის სახელმწიფო უნივერსიტეტის მთავარი ბიბლიოთეკა წიგნსაცავი 2018-12-17 63(075.8) ზ–33 4924 2018-12-17 4924 2018-12-17 წიგნი